| 000 | 00511nam a2200181Ia 4500 | ||
|---|---|---|---|
| 008 | 100920s9999 xx 000 0 und d | ||
| 082 |
_b79861 _a--- 0 |
||
| 100 | _aभसे पोपटराव. | ||
| 245 | _aहाय सोसायटी. | ||
| 260 |
_b--- _c0 |
||
| 300 |
_a208 _bसाधी |
||
| 365 | _b160 | ||
| 520 | _aकादंबरी. | ||
| 630 | _aहाय सोसायटी. | ||
| 650 | _aकादंबरी. | ||
| 730 | _aहाय सोसायटी. | ||
| 942 | _cBOOK | ||
| 999 |
_c720825 _d720822 |
||